000 00417nam a2200181Ia 4500
001 10606
005 20260306161844.0
008 260306t2015||||xx |||||||||||||| ||spa||
041 _aESP
082 _a944.04
_bD32
100 _aDawson, Christopher
_eAUT
245 0 _aLos dioses de la revolución
260 _c2015
300 _apágs. :
_ccm.
650 _aGEN
654 _aCHU
942 _cLIB
_dJUS
_fJUS
_2ddc
_n
999 _c10606
_d10606